000 00300nam a22001337a 4500
008 170221b xxu||||| |||| 00| 0 eng d
020 _a9780470028216
041 _aeng
080 _a615
100 _a5
101 _aSHF
245 _aHANDBOOK OF PSYCHIATRIC DRUGS
_cLIEBERMAN, J.A
942 _2udc
_cBK
999 _c5927
_d5927